<?xml version="1.0" encoding="UTF-8"?>
<record
    xmlns:xsi="http://www.w3.org/2001/XMLSchema-instance"
    xsi:schemaLocation="http://www.loc.gov/MARC21/slim http://www.loc.gov/standards/marcxml/schema/MARC21slim.xsd"
    xmlns="http://www.loc.gov/MARC21/slim">

  <leader>00682nam a22001937a 4500</leader>
  <controlfield tag="005">20180726102553.0</controlfield>
  <datafield tag="010" ind1=" " ind2=" ">
    <subfield code="a">ENG-123601</subfield>
  </datafield>
  <datafield tag="020" ind1=" " ind2=" ">
    <subfield code="a">9788172867553</subfield>
    <subfield code="c">140.00</subfield>
  </datafield>
  <datafield tag="035" ind1=" " ind2=" ">
    <subfield code="a">EN-107133</subfield>
  </datafield>
  <datafield tag="037" ind1=" " ind2=" ">
    <subfield code="b">DBAD/PUB.</subfield>
  </datafield>
  <datafield tag="082" ind1=" " ind2=" ">
    <subfield code="a">174.4</subfield>
  </datafield>
  <datafield tag="100" ind1=" " ind2=" ">
    <subfield code="a">Sarma, A.R.K.</subfield>
  </datafield>
  <datafield tag="245" ind1=" " ind2=" ">
    <subfield code="a">Pay for excellence and get success, wealth and fame all free of cost !!!: /</subfield>
    <subfield code="c">by A.R.K. Sarma</subfield>
    <subfield code="b">(based on sami vivekananda's message) /</subfield>
  </datafield>
  <datafield tag="260" ind1=" " ind2=" ">
    <subfield code="a">Bengaluru</subfield>
    <subfield code="b">Prism Books Pvt. Ltd.</subfield>
    <subfield code="c">2012</subfield>
  </datafield>
  <datafield tag="270" ind1=" " ind2=" ">
    <subfield code="a">#1865, 32nd Cross, 10th Main, BSK II State</subfield>
    <subfield code="b">Bengaluru</subfield>
    <subfield code="e">110002</subfield>
  </datafield>
  <datafield tag="300" ind1=" " ind2=" ">
    <subfield code="a">180p. </subfield>
    <subfield code="c">21cm(pbk)</subfield>
    <subfield code="b">ill.</subfield>
  </datafield>
  <datafield tag="500" ind1=" " ind2=" ">
    <subfield code="a">It includes Prism Publications</subfield>
  </datafield>
  <datafield tag="942" ind1=" " ind2=" ">
    <subfield code="2">ddc</subfield>
    <subfield code="c">EN</subfield>
    <subfield code="h">174.4</subfield>
    <subfield code="m">SAR</subfield>
  </datafield>
  <datafield tag="999" ind1=" " ind2=" ">
    <subfield code="c">154846</subfield>
    <subfield code="d">154846</subfield>
  </datafield>
  <datafield tag="952" ind1=" " ind2=" ">
    <subfield code="0">0</subfield>
    <subfield code="1">0</subfield>
    <subfield code="4">0</subfield>
    <subfield code="7">1</subfield>
    <subfield code="8">NFIC</subfield>
    <subfield code="a">DBAD</subfield>
    <subfield code="b">BL1</subfield>
    <subfield code="d">2018-07-26</subfield>
    <subfield code="e">DBAD/PUB</subfield>
    <subfield code="g">140.00</subfield>
    <subfield code="l">0</subfield>
    <subfield code="o">174.4 SAR</subfield>
    <subfield code="p">EN-107133</subfield>
    <subfield code="r">2018-07-26 00:00:00</subfield>
    <subfield code="t">1</subfield>
    <subfield code="v">140.00</subfield>
    <subfield code="y">EN</subfield>
  </datafield>
</record>
